000
00319nam a2200133Ia 4500
005
20251222141955.0
008
251222s9999||||xx |||||||||||||| ||spa||
020
_a
950-12-1031-6
082
_a
658.022/S16
100
_a
Sainte-Marie, Georges
245
0
_a
Dirigir una PYME: 10 etapas
264
_b
Paidós
942
_c
LIB
999
_c
9820
_d
9820